| 000 -LEADER |
| fixed length control field |
00668cam a2200205 i 4500 |
| 003 - CONTROL NUMBER IDENTIFIER |
| control field |
OSt |
| 005 - DATE AND TIME OF LATEST TRANSACTION |
| control field |
20240117130853.0 |
| 008 - FIXED-LENGTH DATA ELEMENTS--GENERAL INFORMATION |
| fixed length control field |
170727t20182018ii abe b 000 0 eng d |
| 020 ## - INTERNATIONAL STANDARD BOOK NUMBER |
| International Standard Book Number |
9789385360220 |
| Qualifying information |
(hardcover) |
| 043 ## - GEOGRAPHIC AREA CODE |
| Geographic area code |
a-ii--- |
| 082 04 - DEWEY DECIMAL CLASSIFICATION NUMBER |
| Classification number |
721.044 |
| Edition number |
23 |
| Item number |
DES |
| 100 1# - MAIN ENTRY--PERSONAL NAME |
| Personal name |
Desai, Miki, |
| Dates associated with a name |
1947- |
| Relator term |
author. |
| 245 10 - TITLE STATEMENT |
| Title |
Wooden architecture of Kerala / |
| Remainder of title |
Miki Desai. |
| 300 ## - PHYSICAL DESCRIPTION |
| Extent |
279 pages : |
| Other physical details |
illustrations (chiefly color), map, plans (some color) ; |
| Dimensions |
27 cm |
| 504 ## - BIBLIOGRAPHY, ETC. NOTE |
| Bibliography, etc |
Includes bibliographical references ( pages 266-268). |
| 650 #0 - SUBJECT ADDED ENTRY--TOPICAL TERM |
| Topical term or geographic name as entry element |
Building, Wooden |
| Geographic subdivision |
India |
| -- |
Kerala. |
| 650 #7 - SUBJECT ADDED ENTRY--TOPICAL TERM |
| Topical term or geographic name as entry element |
Building, Wooden. |
| Source of heading or term |
fast |
| 651 #7 - SUBJECT ADDED ENTRY--GEOGRAPHIC NAME |
| Geographic name |
India |
| Geographic subdivision |
Kerala. |
| Source of heading or term |
fast |
| 942 ## - ADDED ENTRY ELEMENTS (KOHA) |
| Source of classification or shelving scheme |
|